Niños que odian: la desorganización y desequilibrio de los controles de la conducta

Shranjeno v:
Bibliografske podrobnosti
Main Authors: Redl, Fritz (Author), Wineman, David (Author)
Format: Knjiga
Jezik:španščina
Izdano: Buenos Aires Paidós 1959
Serija:Ediciones Hormé, 3
Teme:
Oznake: Označite
Brez oznak, prvi označite!

MARC

LEADER 00000nam a2200000 a 4500
001 UCY6938
003 CL-VaPUC
008 950602e19590800AG |||||||||||||||||spa|d
082 0 4 |a 155.418  |b RED  |2 21 
100 0 |a Redl, Fritz  |e author  |9 337148 
700 0 |a Wineman, David  |e author  |9 337149 
245 1 0 |a Niños que odian: la desorganización y desequilibrio de los controles de la conducta 
300 |a 253 p 
942 |c BK 
945 |d 19950602 00:00:00  |a cmena 
260 |a Buenos Aires  |b Paidós  |c 1959 
650 0 |a Psicología   |9 257863 
650 0 |a Psicología del niño  |9 307305 
650 0 |a Psicología clínica  |9 307259 
650 7 |a PSICOLOGIA EXPERIMENTAL  |2 CL-VaPUC  |9 309015 
650 0 |a Ego  |9 310449 
650 0 |a Emociones   |9 265224 
650 7 |a FRACASO  |2 CL-VaPUC  |9 337150 
650 7 |a FRUSTRACION  |2 CL-VaPUC  |9 308942 
650 0 |a Delincuencia  |9 335739 
650 0 |a Conciencia  |9 309452 
650 7 |a PSICOTERAPIA  |2 CL-VaPUC  |9 337151 
583 |a last modification  |c 19950602 00:00:00  |k Rodrigo Vera 
490 0 |a Ediciones Hormé, 3 
999 |c 234417  |d 234415 
952 |0 0  |1 0  |4 0  |6 155_418000000000000_RED_1959  |7 0  |8 P  |9 240647  |a BIBEDU  |b BIBEDU  |c BIBEDU_PB  |d 2019-11-18  |i 1513575  |o 155.418 RED 1959  |p 1513575  |r 2024-01-25  |w 2019-11-18  |y BK  |k EDU 
952 |0 0  |1 0  |4 0  |6 155_418000000000000_RED_1959  |7 0  |8 P  |9 240648  |a BIBEDU  |b BIBEDU  |c BIBEDU_PB  |d 2019-11-18  |i 160256K  |o 155.418 RED 1959  |p 160256K  |r 2024-01-25  |w 2019-11-18  |y BK  |k EDU